2021-22 Champions League Paris Saint-Germain - Manchester City - Statistics

General Stats
  • This quiz has been taken 769 times
  • The average score is 21 of 28
Answer Stats
Player % Correct
Kylian Mbappé
98%
Neymar
97%
Ederson
91%
Lionel Messi ¹
90%
Gianluigi Donnarumma
89%
Kevin De Bruyne
89%
Kyle Walker
89%
Marquinhos
88%
Rúben Dias
87%
Bernardo Silva
84%
Marco Verratti
84%
Pep Guardiola
84%
Riyad Mahrez
81%
Achraf Hakimi
80%
Phil Foden
80%
Raheem Sterling
80%
Rodri
80%
Presnel Kimpembe
79%
João Cancelo
76%
Gabriel Jesus
72%
Aymeric Laporte
71%
Nuno Mendes
70%
Mauricio Pochettino
65%
Jack Grealish
64%
Idrissa Gueye ¹
55%
Danilo Pereira
40%
Ander Herrera
37%
Georginio Wijnaldum
31%
No matching quizzes found
Score Distribution
Percent of People with Each Score
Percentile by Number Answered
Your Score History
You have not taken this quiz